000 00654nam a22002177a 4500
999 _c9689
_d9689
001 9689
003 OSt
005 20180322124436.0
008 180322b1982 ii ||||| |||| 00| 0 ben d
035 _a(BD-JhCC)9689
040 _aBD-JhCC
_dBD-JhCC
041 _aben
082 _a491.443
_bOUA 1967
100 _aওয়াদুদ, কাজী আব্দুল-
245 _aব্যবহারিক শব্দকোষ /
_cকাজী আব্দুল-ওয়াদুদ
260 _aকলকাতা :
_bডি কে বোস
_c1982.
300 _a1152 p. :
_c20 cm.
650 _aLexicon
942 _2ddc
_cBK